00961nam a2200253 a 450000100060000000300080000600500170001400800410003102000150007203500190008704000350010604100080014108200260014910000330017524500500020826000700025830000260032849000700035465000370042483000780046194200120053999900170055195201390056851283BD-RjUL20211209075633.0160830r19651961enka 001 0 eng d a052105107X a(BD-RjUL)51403 aBD-RjULbengcBD-RjULdBD-RjUL aeng 223a515.723bGOF 19651 aGoldberg, Richard R.915339210aFourier transforms /cby Richard R. Goldberg. aCambridge :bCambridge University Press,c1961, [Reprinted 1965]. aviii, 76 p. ;c22 cm.1 aCambridge tracts in mathematics and mathematical physics ;vno.52 0aFourier transformations.9153355 0aCambridge tracts in mathematics and mathematical physics ;vno.529153394 2ddccBK c51283d51283 00102ddc40708NFICaRUCLbRUCLcStackd1969-10-21eZeitlingerg25.00l0o515.723 GOF 1965r2016-08-30 00:00:00tC-2w2016-08-30yBK